000
00250nam a22001097a 4500
040
_c
CL
100
_a
John B.Morrall
_9
127838
245
_a
Aristotle
_b
Political Thinkers
260
_a
London
_b
George Allen
_c
1977
300
_a
120p.
942
_2
ddc
_c
BK
999
_c
612862
_d
612862